| Tag |
First Indicator |
Second Indicator |
Subfields |
| LEADER |
00000cam a2200000 a 4500 |
| 001 |
in00001406583 |
| 005 |
20151020072804.0 |
| 008 |
970530s1997 njua bc 000 0 eng |
| 010 |
|
|
|a 97013331
|
| 020 |
|
|
|a 0865436193 (cloth)
|
| 020 |
|
|
|a 0865436207 (paper)
|
| 035 |
|
|
|a (OCoLC)37157863
|
| 035 |
|
|
|9 AHQ3528AM
|
| 040 |
|
|
|a DLC
|c DLC
|d TXA
|d UtOrBLW
|
| 043 |
|
|
|a n-us---
|
| 049 |
|
|
|a TXAM
|
| 050 |
0 |
0 |
|a N8356.B55
|b G46 1997
|
| 082 |
0 |
0 |
|a 704/.042/08996
|2 21
|
| 245 |
0 |
0 |
|a Gendered visions :
|b the art of contemporary Africana women artists /
|c edited by Salah M. Hassan.
|
| 264 |
|
1 |
|a Trenton, NJ :
|b Africa World Press,
|c [1997]
|
| 264 |
|
4 |
|c ©1997
|
| 300 |
|
|
|a 109 pages :
|b illustrations (some color) ;
|c 29 cm.
|
| 336 |
|
|
|a text
|b txt
|2 rdacontent
|
| 337 |
|
|
|a unmediated
|b n
|2 rdamedia
|
| 338 |
|
|
|a volume
|b nc
|2 rdacarrier
|
| 500 |
|
|
|a Published in conjunction with the exhibition held at the Herbert F. Johnson Museum of Art, Cornell University, Jan. 25-Mar. 19, 1997.
|
| 504 |
|
|
|a Includes bibliographical references (pages 97-100).
|
| 650 |
|
0 |
|a Women artists, Black
|x Exhibitions.
|
| 650 |
|
0 |
|a Art, Modern
|y 20th century
|v Exhibitions.
|
| 700 |
1 |
|
|a Hassan, Salah M.
|
| 710 |
2 |
|
|a Herbert F. Johnson Museum of Art.
|
| 948 |
|
|
|a c:ce
|
| 999 |
|
|
|a MARS
|
| 999 |
f |
f |
|s 70c58b5f-f6b9-35aa-b533-f978934ac878
|i 9d62bd0d-dc54-3c67-8f90-afea50cb7d77
|t 0
|
| 952 |
f |
f |
|p normal
|a Texas A&M University
|b College Station
|c Sterling C. Evans Library
|d Evans: Library Stacks
|t 0
|e N8356.B55 G46 1997
|h Library of Congress classification
|i unmediated -- volume
|m A14823315057
|
| 998 |
f |
f |
|a N8356.B55 G46 1997
|t 0
|l Evans: Library Stacks
|